Quản lí hành chính nhà nước và quản lí ngành giáo dục và đào tạo Dành cho sinh viên các trường sư phạm. B.s. theo chương trình của Bộ GD & ĐT ban hành QĐ số 33/2002/QĐ/BGD & ĐT

Tìm hiểu một số vấn đề cơ bản về nhà nước, quản lý hành chính nhà nước, công vụ và công chức; Quan điểm của Đảng và Nhà nước về giáo dục và đào tạo; Quy định của Bộ giáo dục và Đào tạo về giáo dục mầm non và giáo dục phổ thông; Luật giáo dục và Luật chăm sóc bà mẹ và trẻ em...

Description complète

Enregistré dans:
Détails bibliographiques
Autres auteurs: Phạm Viết Vượng (ch.b.), Đặng Thị Thanh Huyền (b.s.), Đỗ Ngọc Đạt (b.s.), Ngô Thành Can (b.s.), Trần Quang Cấn (b.s.)
Format: Livre
Langue:Vietnamese
Publié: H. Đại học Sư phạm 2005
Édition:Tái bản lần thứ 4, có sửa chữa, bổ sung
Sujets:
Tags: Ajouter un tag
Pas de tags, Soyez le premier à ajouter un tag!
Thư viện lưu trữ: Mạng thư viện Đại học Đà Nẵng
LEADER 01896aam a22004218a 4500
001 000007388
003 3549
005 20110929160918.0
008 110929s2005 viesd
020 |d 5000b 
041 |a vie 
082 |2 14  |a 353.8 
084 |a S611.1z73 
084 |b QU105L 
245 |a Quản lí hành chính nhà nước và quản lí ngành giáo dục và đào tạo  |b Dành cho sinh viên các trường sư phạm. B.s. theo chương trình của Bộ GD & ĐT ban hành QĐ số 33/2002/QĐ/BGD & ĐT  |c B.s.: Phạm Viết Vượng (ch.b.), Ngô Thành Can, Trần Quang Cấn.. 
250 |a Tái bản lần thứ 4, có sửa chữa, bổ sung 
260 |a H.  |b Đại học Sư phạm  |c 2005 
300 |a 317tr.  |c 24cm 
500 |a ĐTTS ghi: Trường ĐHSP Hà Nội. Trung tâm Giáo dục từ xa 
504 |a Thư mục: tr. 217 
520 |a Tìm hiểu một số vấn đề cơ bản về nhà nước, quản lý hành chính nhà nước, công vụ và công chức; Quan điểm của Đảng và Nhà nước về giáo dục và đào tạo; Quy định của Bộ giáo dục và Đào tạo về giáo dục mầm non và giáo dục phổ thông; Luật giáo dục và Luật chăm sóc bà mẹ và trẻ em 
650 7 |2 Bộ TK TVQG  |a Quản lí hành chính 
650 7 |2 Bộ TK TVQG  |a Quản lí nhà nước 
650 7 |2 Bộ TK TVQG  |a Giáo dục 
655 7 |2 Bộ TK TVQG  |a Giáo trình 
700 0 |a Phạm Viết Vượng  |e ch.b. 
700 0 |a Đặng Thị Thanh Huyền  |e b.s. 
700 0 |a Đỗ Ngọc Đạt  |e b.s. 
700 0 |a Ngô Thành Can  |e b.s. 
700 0 |a Trần Quang Cấn  |e b.s. 
OWN |a LSP 
999 |a From the UDN01 
TYP |a Monograph 
TYP |a Printed language 
980 |a Mạng thư viện Đại học Đà Nẵng